000 00352nam a2200145Ia 4500
008 231217s9999 xx 000 0 und d
041 _aEnglish
082 _a001.6424C NII.1;1 R
100 _aNIIT
245 0 _aProgramming in c++ part-I
260 _c1999
_bNIIT
_aNew Delhi
300 _a5.21
650 _aProgramming,c++,part-I
942 _cAA
999 _c193206
_d193206